Major Hollywood Film Studios - Statistics

General Stats
  • This quiz has been taken 29,541 times
    19,128 since last reset
  • The average score is 3 of 5
Answer Stats
Studio % Correct
Walt Disney Pictures
87%
Warner Bros. Pictures
70%
Universal Pictures
65%
Paramount Pictures
62%
Columbia Pictures
58%
No matching quizzes found
Score Distribution
Percent of People with Each Score
Percentile by Number Answered
Your Score History
You have not taken this quiz since the last reset